Score 0/20 Timer 04:00
6 Plays Today
Trivia Missing Word % Correct
Chamber of _______Secrets
98%
JK _______Rowling
94.9%
______ of FireGoblet
93.7%
_______ HatSorting
92.3%
Expecto _______Patronum
88.5%
Number 4 ______ DrivePrivet
86.5%
Bertie Bott's _______ Flavor BeansEvery
85.6%
The ______ BroomsticksThree
85%
Argus _____Filch
83.3%
Dementor's ____Kiss
81.9%
Trivia Missing Word % Correct
Daily _______Prophet
81.8%
______ Bilius WeasleyRonald
80.5%
Godric's _______Hollow
79.6%
Hog's ____Head
73.9%
Misuse of Muggle _________ OfficeArtifacts
64.4%
The ____ ClubSlug
62.9%
Rufus __________Scrimgeour
58.2%
_______ CannonsChudley
54.6%
_________ Through the AgesQuidditch
54%
Wilhelmina _______-_____ Grubbly-Plank
37.2%

Today's Daily Dose

Missing Word
Lizzo Songs

Get the Picture
The Longest Rivers

Remove Ads.
Support Sporcle.
Get the best of Sporcle when you Go Orange. This ad-free experience offers more features, more stats, and more fun while also helping to support Sporcle. Thank you for becoming a member.

You're not logged in!

Compare scores with friends on all Sporcle quizzes.
OR
Log In

Show Comments

Extras

Top Quizzes Today


Score Distribution

Your Account Isn't Verified!

In order to create a playlist on Sporcle, you need to verify the email address you used during registration. Go to your Sporcle Settings to finish the process.

Report this User

Report this user for behavior that violates our Community Guidelines.

Details: